El hombre: objeto de estudio cientifico? /
Guardado en:
| Autor Principal: | |
|---|---|
| Formato: | Libro |
| Publicado: |
Santiago del Estero :
Universidad Católica de Santiago del Estero,
1998
|
| Series: | Separata de la Revista "nuevasseparata de Nuevas Propuestas, revista de la Universidad Católica de Santiago del Estero (ucse), número 23 de junio de 1998.-
|
| Materias: | |
| Etiquetas: |
Agregar Etiqueta
Sin Etiquetas, Sea el primero en etiquetar este registro!
|
| LEADER | 00770nam a22001935a 4500 | ||
|---|---|---|---|
| 001 | EHU.bham022362 | ||
| 003 | AR-BHAM | ||
| 005 | 20101124132752.0 | ||
| 008 | 130507s1998##################000#0#####d | ||
| 082 | 3 | 0 | |a 301 |
| 100 | 1 | |a Lopez, Ricardo Vicente | |
| 245 | 1 | 0 | |a El hombre: objeto de estudio cientifico? / |c Ricardo Vicente Lopez |
| 260 | |a Santiago del Estero : |b Universidad Católica de Santiago del Estero, |c 1998 | ||
| 300 | |a 9 p. | ||
| 490 | 0 | |a Separata de la Revista "nuevasseparata de Nuevas Propuestas, revista de la Universidad Católica de Santiago del Estero (ucse), número 23 de junio de 1998.- | |
| 653 | |a Sociologia-individuo | ||
| 653 | |a Sociologia argentina | ||
| 653 | |a Sociologia-conceptos | ||
| 859 | |a AR-BHAM |b BIB. HUMANIDADES - General |h 301 |i L881 |p 161.33 |t Ej.1 | ||
